000 00672nam a2200253Ia 4500
003 OSt
005 20221005031455.0
006 a|||||r|||| 00| 0
007 ta
008 221004b |||||||| |||| 00| 0 tam d
020 _c1.75
024 _a65175
037 _cTextual
040 _aCRL
_cCRL
_btam
041 _2tam
_atam
082 _aO31,1LAB,1, J8
100 _aJagannathan Ki.Va. Au.
_9583765
245 0 _aAbirami Andhaathi
260 _aChennai
_bAmutha Nilayam India
_c1958
300 _a26+90p.
_ccm.
650 _aTAMIL LITERATURE
942 _hO31,1LAB,1, J8
_cTEXL
_2cc
999 _c937823
_d937823